00551nam a2200193 a 4500001001300000003000900013005001700022008004100039020001000080082001600090100002100106245005100127260005700178300001000235500003500245505003300280650002300313700002100336nice12345678IN_TiNIC20260116011326.0050524s1920 guta grp 000 0 ger  ac10000a297.1bSIM1 aSimon, Gottfried aDer Islamb Und Die Chrliftliche Derkundigung. aGuterslohbDrudh Unb Uerlag Von D. Bertelsmannc1920 a353p. aincludes index and biblioraphy2 aMethodist church west africa aIslam-Meccan Trade1 aSimon, Gottfried